000 00338nam a2200133Ia 4500
008 240624s9999 xx 000 0 und d
041 _aeng
082 _a658.4092 ADA
100 _aADAIR JOHN
245 _aDEVELOP YOUR LEADERSHIP SKILLS
260 _c2013
_aNew Delhi
_bKogan Page
300 _ax, : 77 : p. : cm. ; 22
365 _cRS
_b33
999 _c21663
_d21663